000 00524nam a2200193Ii 4500
003 JO-AjNU
008 230605s9999||||xx |||||||||||||| ||und||
040 _aJO-AjNU
_bara
_erda
_cJO-AjNU
041 _aara
050 1 4 _aPJ7850.U7.A16 1900
100 3 _aد.م,
_eauthor
_948578
245 0 0 _aشلة الأنس
264 3 1 _aد.ن
300 _a123ص
336 _atext
_btxt
_2rdacontent
337 _aunmediated
_bn
_2rdamedia
338 _avolume
_bnc
_2rdacarrier
650 4 _aالأدب العربي - قصص
_948579
999 _aA21283
_c24851
_d24851